Beginning film studies / (Record no. 35077)
[ view plain ]
| 000 -LEADER | |
|---|---|
| fixed length control field | 00891nam a2200289 a 4500 |
| 001 - CONTROL NUMBER | |
| control field | 35077 |
| 003 - CONTROL NUMBER IDENTIFIER | |
| rucl marc code | BD-RjUL |
| 005 - DATE AND TIME OF LATEST TRANSACTION | |
| control field | 20211209052245.0 |
| 008 - FIXED-LENGTH DATA ELEMENTS--GENERAL INFORMATION | |
| fixed length control field | 141218r20142010ii oc b 001 0 eng d |
| 020 ## - INTERNATIONAL STANDARD BOOK NUMBER | |
| International Standard Book Number | 9788130914480 |
| International Standard Book Number | 0719072549 (hbk.) |
| 035 ## - SYSTEM CONTROL NUMBER | |
| System control number | (Uk)014568402 |
| System control number | (OCoLC)181601612 |
| -- | (BD-RjUL)35171 |
| 040 ## - CATALOGING SOURCE | |
| Original cataloging agency | StDuBDS |
| Language of cataloging | eng |
| Transcribing agency | StDuBDS |
| Modifying agency | BD-RjUL |
| 041 ## - LANGUAGE CODE | |
| Language code of text/sound track or separate title | eng |
| 082 04 - DEWEY DECIMAL CLASSIFICATION NUMBER | |
| Classification number | 791.43015 |
| Edition number | 22 |
| Author mark and year | DIB 2014 |
| 100 1# - MAIN ENTRY--PERSONAL NAME | |
| Personal name | Dix, Andrew, |
| Dates associated with a name | 1960- |
| 9 (RLIN) | 114652 |
| 245 10 - TITLE STATEMENT | |
| Title | Beginning film studies / |
| Statement of responsibility, etc. | Andrew Dix. |
| 260 ## - PUBLICATION, DISTRIBUTION, ETC. (IMPRINT) | |
| Place of publication, distribution, etc. | New Delhi : |
| Name of publisher, distributor, etc. | Viva Books, |
| Date of publication, distribution, etc. | 2010 [reprint 2014]. |
| 300 ## - PHYSICAL DESCRIPTION | |
| Pagination | xv, 350 p. : |
| Illustrations | ill., ports. ; |
| Size | 21 cm. |
| 490 1# - SERIES STATEMENT | |
| Series statement | Beginnings |
| 504 ## - BIBLIOGRAPHY, ETC. NOTE | |
| Bibliography, etc | Includes bibliographical references and index. |
| 650 #0 - SUBJECT ADDED ENTRY--TOPICAL TERM | |
| Topical term or geographic name as entry element | Motion pictures. |
| 9 (RLIN) | 114653 |
| Topical term or geographic name as entry element | Film criticism. |
| 9 (RLIN) | 114654 |
| 830 #0 - SERIES ADDED ENTRY--UNIFORM TITLE | |
| Uniform title | Beginnings (Manchester, England) |
| 942 ## - ADDED ENTRY ELEMENTS (KOHA) | |
| Source of classification or shelving scheme | Dewey Decimal Classification |
| Koha item type | Books |
| Lost status | Source of classification or shelving scheme | Damaged status | Not for loan | Collection code | Permanent Location | Current Location | Shelving location | Date acquired | Source of acquisition | Cost, normal purchase price | Total Checkouts | Full call number | Date last seen | Copy number | Koha item type |
|---|---|---|---|---|---|---|---|---|---|---|---|---|---|---|---|
| Dewey Decimal Classification | Not For Loan | Non-fiction | Central Library, University of Rajshahi | Central Library, University of Rajshahi | Reading Room | 22/07/2014 | Chittagons Batighar. | 750.50 | 791.43015 DIB 2014 | 18/12/2014 | C-1 | Books |